| 000 | 01010njm a2200301Ia 4500 | ||
|---|---|---|---|
| 001 | 38173 | ||
| 003 | IT-RoPAU | ||
| 005 | 20220918181131.0 | ||
| 008 | 131025s9999 xx 000 0 und d | ||
| 040 | _aIT-RoPAU | ||
| 040 | _cIT-RoPAU | ||
| 041 | _aINGLESE | ||
| 999 |
_c100561 _d100561 |
||
| 999 | _bn.d. | ||
| 100 |
_aHendrix Jimi _92655 |
||
| 100 |
_eAutore musica _920140 |
||
| 100 |
_gCodice autore musica SPICS: 5532 _92657 |
||
| 245 | _aElectric Ladyland | ||
| 250 | _a1a ed. | ||
| 260 | _aLONDRA | ||
| 260 |
_bPOLYDOR INC _c1986 [1a Ed.:1968 - Ed. Lingua Orig.: 1968] |
||
| 300 | _aMUSICASSETTA | ||
| 300 | _c40 minuti (Testo: pag.) | ||
| 500 | _aMusica pop | ||
| 505 | _aAnd the Gods - Made Love - Electric Ladyland - Crosstown Traffic - Voodoo Chile - Still Raining - Still Dreaming - House Burning Down - All Along the Watchtower - Voodoo Chile | ||
| 650 |
_aPOP [CASSETTE] _eCodice MATERIA SPICS: 9951 _91073 |
||
| 700 |
_aHendrix Jimi _gCodice interprete SPICS: 5532 _eInterprete _920141 |
||
| 942 |
_cMC _2ddc |
||